Indian National Congress : (Record no. 760867)
[ view plain ]
| 000 -LEADER | |
|---|---|
| fixed length control field | 02060cam a2200181 i 4500 |
| 020 ## - INTERNATIONAL STANDARD BOOK NUMBER | |
| ISBN | 9781032184661 |
| 082 00 - DEWEY DECIMAL CLASSIFICATION NUMBER | |
| Classification number | 324.254 830 9 SIN/I |
| Edition number | 23/eng/20230729 |
| 100 1# - MAIN ENTRY--AUTHOR NAME | |
| Personal name | Singh, M. P., |
| Relator term | author. |
| 245 10 - TITLE STATEMENT | |
| Title | Indian National Congress : |
| Sub Title | from dominance to hibernation / |
| Statement of responsibility, etc | by M. P. Singh and Rekha Saxena. |
| 260 ## - PUBLICATION, DISTRIBUTION, ETC. (IMPRINT) | |
| Place of publication | . -London |
| Name of publisher | : Routledge |
| Year of publication | , 2024 |
| 300 ## - PHYSICAL DESCRIPTION | |
| Number of Pages | 1 online resource |
| 504 ## - BIBLIOGRAPHY, ETC. NOTE | |
| Bibliography, etc | Includes bibliographical references and index. |
| 505 0# - FORMATTED CONTENTS NOTE | |
| Formatted contents note | The Party System in India -- Congress in the 1980s -- Indian National Congress in the 1990s -- Congress since 2000. |
| 520 ## - SUMMARY, ETC. | |
| Summary, etc | "This book presents a systematic analysis of the rise and decline of the Indian National Congress since 1980s, using the frame dominance to hibernation. The Indian National Congress (INC or Congress Party) originated in the national movement for India's freedom and has since been the centerpiece of post-Independence multiparty system for nearly four decades. However, the Congress has been experiencing a phase of serious decline since the 2014 and 2019 General Elections. Analyzing years of political history and contemporary developments, this volume brings to the fore important issues and key themes such as, evolution of party system in India, the contemporary dynamics and movements; Indian National Congress under Indira Gandhi and Rajiv Gandhi; ideological and policy reorientation of the party in 1990s under P. V. Narsimha Rao; revival of mass membership and organizational elections in the party; Indian National Congress in the 2000s, under the leadership of Sonia Gandhi and Rahul Gandhi; the 2019 debacle and change in the leadership. A comprehensive work on the history of the Congress Party in India, this volume will be an essential read for scholars and researchers of political science, party politics, Indian politics, sociology, modern Indian history, political sociology, public administration, public policy, South Asian studies, and governance studies"-- |
| 700 1# - ADDED ENTRY--PERSONAL NAME | |
| Personal name | Saxena, Rekha, |
| 942 ## - ADDED ENTRY ELEMENTS (KOHA) | |
| Source of classification or shelving scheme | Dewey Decimal Classification |
| Koha item type | Book |
| Withdrawn status | Lost status | Source of classification or shelving scheme | Damaged status | Not for loan | Home Library | Current Location | Shelving location | Date acquired | Full call number | Accession Number | Price effective from | Koha item type |
|---|---|---|---|---|---|---|---|---|---|---|---|---|
| Dewey Decimal Classification | Dept. of Political Science | Dept. of Political Science | General Stacks | 18/12/2025 | 324.254 830 9 SIN/I | POL23858 | 20/06/2026 | Book |
